An Introduction to Celestial Mechanics /
Contenido: Principios fundamentales y definiciones; Movimiento rectilíneo; Fuerzas centrales; Potencial y atracción de los cuerpos; Problema de dos cuerpos; Determinación de órbitas; Integral general del problema de n cuerpos; Problemas de tres cuerpos; Perturbaciones (Consideraciones geométricas; M...
Guardat en:
| Autor principal: | |
|---|---|
| Format: | Llibre |
| Idioma: | anglès |
| Publicat: |
Nueva York, EUA :
Dover,
1970, c1970
|
| Edició: | 2a edición |
| Matèries: | |
| Etiquetes: |
Sense etiquetes, Sigues el primer a etiquetar aquest registre!
|
MARC
| LEADER | 00000nam^a2200000^a^4500 | ||
|---|---|---|---|
| 001 | 000153478 | ||
| 005 | 20250521000000.0 | ||
| 009 | 20260310100319.507 | ||
| 020 | |a 0-486-64687-4 | ||
| 037 | |a Acervo ITESO - Biblioteca | ||
| 041 | |a ING | ||
| 082 | |a 521. |b MOU | ||
| 100 | |a Moulton, Forest Ray |e (autor) | ||
| 245 | 1 | 3 | |a An Introduction to Celestial Mechanics / |c F.R. Moulton. |
| 250 | |a 2a edición |b revisada | ||
| 264 | 4 | |a Nueva York, EUA : |b Dover, |c 1970, c1970 | |
| 300 | |a XII, 436 p. | ||
| 336 | |a texto |b txt |2 rdacontenido | ||
| 337 | |a sin mediación |b n |2 rdamedio | ||
| 338 | |a volumen |b nc |2 rdasoporte | ||
| 520 | |a Contenido: Principios fundamentales y definiciones; Movimiento rectilíneo; Fuerzas centrales; Potencial y atracción de los cuerpos; Problema de dos cuerpos; Determinación de órbitas; Integral general del problema de n cuerpos; Problemas de tres cuerpos; Perturbaciones (Consideraciones geométricas; Método analítico). | ||
| 649 | |a XX | ||
| 650 | |a Orbitas | ||
| 650 | |a Fuerza Centrífuga | ||
| 650 | |a Fuerza Centrípeta | ||
| 650 | |a Orbitas | ||
| 650 | |a Movimiento | ||
| 650 | |a Problema de Muchos Cuerpos | ||
| 650 | |a Energía Mecánica | ||
| 650 | |a Perturbación (Astronomía) | ||
| 650 | |a Mecánica Newtoniana | ||
| 650 | |a Mecánica Astronómica | ||
| 650 | |a Física Matemática | ||
| 650 | |a Astrofísica | ||
| 650 | |a Astronomía | ||
| 910 | |a Fondo General | ||
| 920 | |a Impresos - Libros | ||
| 930 | |a Colección General | ||
| 905 | |a 101 | ||
| 901 | |a 0500081854 |b IT1 |c ACC |u 20250521 | ||
| 902 | |a https://opac.biblio.iteso.mx/vufind/Record/000153478 | ||